55 Most Famous Cities in Sweden on a Map - Statistics

General Stats
  • This quiz has been taken 169 times
  • The average score is 29 of 56
Answers on the Map
Answers color-coded by a green-red scale on the quiz's map according to % correct below.
 
Answer Stats
Wiki Monthly Views Cityquiz Mention Rate Population Answers % Correct
127.76K 28.46% 725.73K Gothenburg
99%
297.00K 60.71% 988.94K Stockholm
99%
99.07K 34.30% 339.32K Malmö
98%
61.34K 12.47% 178.10K Uppsala
95%
26.37K 7.01% 94.24K Umeå
86%
22.84K 5.34% 26.30K Visby
83%
23.30K 6.43% 120.11K Linköping
82%
23.63K 5.72% 116.03K Helsingborg
81%
16.83K 5.45% 98.23K Norrköping
81%
22.91K 5.95% 104.21K Jönköping
79%
31.13K 6.02% 98.31K Lund
77%
20.73K 5.17% 129.12K Örebro
77%
19.14K 5.63% 43.46K Kalmar
74%
22.26K 5.94% 49.65K Luleå
73%
21.53K 3.12% 131.64K Västerås
71%
39.59K 4.24% 17.28K Kiruna
70%
14.94K 2.81% 88.27K Gävle
64%
16.26K 2.99% 74.05K Växjö
59%
15.28K 3.14% 70.92K Sundsvall
57%
20.39K 3.86% 55.49K Östersund
56%
16.41K 3.85% 72.76K Karlstad
55%
14.67K 2.66% 36.42K Karlskrona
54%
13.85K 2.24% 72.98K Halmstad
52%
13.33K 1.79% 83.06K Borås
51%
11.66K 1.58% 102.52K Södertälje
50%
13.76K 2.49% 41.13K Falun
48%
10.03K 2.52% 41.20K Kristianstad
45%
11.68K 1.75% 39.15K Skellefteå
45%
13.50K 2.11% 21.26K Ystad
45%
11.24K 1.59% 76.26K Eskilstuna
43%
5.50K 1.96% 23.82K Piteå
43%
6.64K 0.67% 33.86K Landskrona
41%
7.05K 1.46% 39.77K Nyköping
41%
7.24K 1.19% 44.30K Borlänge
40%
11.25K 1.45% 50.07K Trollhättan
40%
17.74K 0.45% 85.43K Solna
39%
10.28K 2.02% 3.70K Åre
38%
7.15K 1.53% 6.29K Haparanda
38%
4.71K 1.01% 40.54K Lidköping
38%
9.26K 1.55% 31.37K Trelleborg
36%
8.92K 1.02% 33.40K Örnsköldsvik
35%
6.64K 1.77% 20.54K Mora
34%
7.65K 0.80% 40.42K Skövde
32%
6.13K 1.03% 38.58K Varberg
32%
5.27K 1.09% 29.67K Falkenberg
31%
5.96K 1.02% 2.71K Jokkmokk
31%
6.74K 0.90% 35.64K Uddevalla
31%
5.20K 1.20% 18.46K Boden
28%
7.91K 0.94% 12.38K Gällivare
28%
8.86K 0.49% 10.41K Sigtuna
27%
6.98K 0.57% 31.09K Ängelholm
26%
5.89K 0.66% 16.79K Hudiksvall
24%
5.52K 0.71% 21.61K Västervik
21%
6.15K 0.45% 8.18K Vimmerby
21%
8.31K - 0.12K Sandhamn
14%
6.50K 0.11% 0.82K Fjällbacka
13%
No matching quizzes found
Score Distribution
Percent of People with Each Score
Percentile by Number Answered
Your Score History
You have not taken this quiz